Gaming Quiz

Random Gaming or Nintendo Quiz

Paper Mario: The Thousand Year Door Bosses Quiz Stats

 Plays Quiz not verified by Sporcle

Score 0/13 Timer 06:00
0 Plays Today
Answer % Correct
Hooktail
94.1%
Shadow Queen
94.1%
Doopliss
92.6%
Cortez
88.2%
Macho Grubba
86.8%
Lord Crump
86.8%
Magnus Von Grapple
85.3%
Smorg
83.8%
Grodus
83.8%
Gloomtail
82.4%
Bowser and Kammy Koopa
82.4%
Magnus Von Grapple 2.0
79.4%
Blooper
77.9%

You're not logged in!

Compare scores with friends on all Sporcle quizzes.
OR
Log In

Show Comments

Extras

Top Quizzes Today


Score Distribution

Your Account Isn't Verified!

In order to create a playlist on Sporcle, you need to verify the email address you used during registration. Go to your Sporcle Settings to finish the process.

Report this User

Report this user for behavior that violates our Community Guidelines.

Details: